000 00751cam a22002773a 4500
001 31436
003 PGUSA
005 20140828083659.0
008 100227s2010||||xxu|||||s|||||000 | eng d
040 _aPGUSA
_beng
042 _adc
050 4 _aPA
050 4 _aB
100 1 _aPlato,
_d-428--348
245 1 0 _aΦίληβος
_h[electronic resource] /
_cPlato
260 _bProject Gutenberg,
_c2010
506 _aPublic domain in the USA.
516 _aElectronic text
653 _aMind and body -- Early works to 1800
653 _aPleasure -- Early works to 1800
700 1 _aZambas, Kyriakos,
_d1866-
740 0 _aPhilebus
830 0 _aProject Gutenberg
_v31436
856 4 0 _uhttp://www.gutenberg.org/ebooks/31436
942 _cEB
999 _c260691
_d260691